00303pab a2200121 454500008004000000100001500040245005600055260000900111300001300120362001100133650002200144773001500166180718b1984 xxu||||| |||| 00| 0 eng d aSen, Sunil aMajor short, Akali Dal and Punjab politics, 1940-47 c1984 a13-14,33 a11 May aPunjab - Politics aMainstream